Kanye West - Wszystkie piosenki - Statystyki

Ogólne statystyki
  • Ten quiz został rozwiązany 205 razy
  • Średni wynik to 44 z 195
Statystyki odpowiedzi
Tytuł piosenki % Poprawnych
Bound 2
65%
Good Morning
65%
Stronger
65%
Niggas In Paris
63%
Runaway
63%
Flashing Lights
62%
Heartless
60%
All Falls Down
59%
Donda
58%
All Of The Lights
57%
I Wonder
56%
Power
56%
Gold Digger
52%
Ghost Town
51%
On Sight
50%
Devil In A New Dress
49%
Father Stretch My Hands Pt. 1
48%
Pt. 2
48%
Homecoming
46%
Saint Pablo
46%
Dark Fantasy
45%
Violent Crimes
45%
Off The Grid
44%
Can't Tell Me Nothing
43%
Gorgeous
43%
Champion
42%
Jesus Walks
42%
No More Parties In LA
42%
Famous
41%
Monster
41%
Wolves
41%
Drunk and Hot Girls
40%
Good Night
40%
Hurricane
40%
Black Skinhead
38%
Jail
38%
All Mine
37%
New Slaves
37%
Through The Wire
37%
Touch The Sky
36%
Good Life
34%
Hey Mama
34%
Moon
34%
Barry Bonds
33%
Blame Game
33%
Otis
33%
Donda Chant
32%
Follow God
31%
No Church In The Wild
31%
Praise God
31%
Waves
31%
We Don't Care
31%
Yikes
31%
So Appalled
30%
Ultralight Beam
30%
Big Brother
29%
Diamonds From Sierra Leone
29%
Hold My Liquor
29%
I Thought About Killing You
29%
Kids See Ghost
29%
Reborn
28%
Jail pt 2
28%
Roses
28%
Amazing
27%
Blood On The Leaves
27%
I Am A God
27%
Junya
27%
Paranoid
27%
Everything I Am
26%
Family Business
26%
Hell Of A Life
26%
On God
26%
Street Lights
26%
24
25%
Cudi Montage
25%
God Is
25%
Last Call
25%
We Major
25%
Who Will Survive In America
25%
30 Hours
24%
4th Dimension
24%
Closed On Sunday
24%
Fire
24%
Freeee
24%
Highlights
24%
I Love Kanye
24%
Jesus Lord
24%
Lost In The World
24%
Love Lockdown
24%
Ok Ok
24%
Pinocchio Story
24%
The New Workout Plan
24%
Guilt Trip
23%
No Mistakes
23%
Fade
22%
FML
22%
RoboCop
21%
Two Words
21%
Coldest Winter
20%
Drive Slow
20%
I'm In It
20%
Jesus Is Lord
20%
Late
20%
Selah
20%
Wouldn't Leave
20%
Ok Ok pt 2
19%
School Spirit
19%
Addiction
18%
Feel The Love
18%
Freestyle 4
18%
Heard Em' Say
18%
Jesus Lord pt 2
18%
Junya pt 2
18%
Remote Control
18%
Say You Will
18%
The Glory
18%
Come to Life
17%
Feedback
17%
Water
17%
Facts
16%
Jonah
16%
Real Friends
16%
Send It Up
16%
Use This Gospel
16%
Frank's Track
15%
I Love It
15%
Mercy
15%
All Day
14%
Breathe In Breathe Out
14%
Celebration
14%
Gone
14%
Lift Off
14%
Never Let Me Down
14%
No Child Left Behind
14%
See You In My Nightmares
13%
Why I Love You
13%
American Boy
12%
Every Hour
12%
FourFiveSeconds
12%
God Breathed
12%
New Day
11%
Bad News
10%
Crack Music
10%
Get Em High
10%
Only One
10%
Pure Souls
10%
That's My Bitch
10%
Welcome To The Jungle
10%
Everything We Need
9%
Heaven and Hell
9%
Tell The Vision
9%
Believe What I Say
8%
Bring Me Down
8%
Gotta Have It
8%
Hands On
8%
Keep My Spirit Alive
8%
Lord I Need You
8%
Made In America
8%
Murder To Excellence
8%
New Again
8%
Who Gon Stop Me
8%
My Way Home
7%
Clique
5%
Nah Nah Nah
5%
Spacechip
5%
XTCY
5%
Champions
4%
Don't Like.1
4%
Forever
4%
Cold.1
3%
Go2DaMoon
3%
Welcome Heartbreak
3%
E.T
2%
Jukebox Joints
2%
Mixed Personalities
2%
New God Flow.1
2%
Wash Us In The Blood
2%
Watch
2%
Blessing
1%
Creepers
1%
Higher
1%
Knock You Down
1%
Make Her Say
1%
Mercy.1
1%
Piss On Your Grave
1%
Sin City
1%
The Morning
1%
The One
1%
To The World
1%
Bliss
0%
Dat Side
0%
Glow
0%
Oh Oh
0%
Pop Style
0%
THat Part
0%
Nie znaleziono quizów pasujących do podanych kryteriów
Rozkład punktacji
Procent ludzi z każdym wynikiem
Percentyl według liczby udzielonych odpowiedzi
Twoja historia wyników
Nie rozwiązałeś tego quizu